Представление документа в формате RUSMARC

ПолеНазваниеЗначение
  Тип записи a
  Библиографический уровень m
001 Контрольный номер UONB/MAIN/1dd34d1d69084080a5ddc460588e055f
005 Дата корректировки 20241211120131.9
010 Индекс ISBN __
d Цена 40 к.
9 Тираж 1500 экз.
100 Данные общей обработки __
a Данные общей обработки 20241211d1988 u y0rusy0189## ca
101 Язык документа 0_
a Язык текста rus
102 Страна публикации __
a Страна публикации RU
105 Кодированные данные (монография) __
a Кодированные данные (монография) a z 001yy
200 Заглавие и сведения об ответственности 1_
a Заглавие Износостойкость порошковых материалов и покрытий
f Первые сведения об ответственности П.А. Кулу
203 Вид содержания и тип средства __
a Вид содержания Текст
b Характеристика содержания визуальный
c Тип средства непосредственный
210 Выходные данные 1_
a Место издания Таллинн
c Издательство Валгус
d Дата издания 1988
215 Физическое описание __
a Объем 118, [1] с.
c Иллюстрации/тип воспроизводства ил.
d Формат 22 см
225 Серия 1_
a Серия Наука - народному хозяйству
320 Библиография __
a Библиография Библиогр.: с. 114-119
606 Тематические рубрики 0_
a Основная рубрика Металлические порошки
x Основная подрубрика Износоустойчивость
606 Тематические рубрики 0_
a Основная рубрика Металлопокрытия порошковые
610 Ключевые слова 0_
a Ключевые слова металлические порошки; металлопокрытия порошковые; износоустойчивость
675 Индекс УДК __
a Индекс УДК 6П3.3
686 Индексы других классификаций __
a Классификационный индекс 34.39
2 Код системы rubbk
700 Автор _1
a Фамилия Кулу
b Имя (инициалы) П.А.
g Полное личное имя Прийт А.
801 Источник записи _0
a Страна RU
b Организация Ульяновская ОНБ
c Дата составления 20241211
g Правила каталогизации RCR
801 Источник записи _1
a Страна RU
b Организация Ульяновская ОНБ
c Дата составления 20241211
g Правила каталогизации RCR
901 Тип документа __
t Тип документа m
909 Создатель записи __
a Создатель записи Батталова
b Дата создания записи 20241211